Estadísticas para ¿Qué país es más grande?

Haz click aquí para intentar la prueba.

Estadísticas generales

  • Esta prueba ha sido intentada 25 veces
  • La puntuación promedio es 10 de 15

Estadísticas de respuestas

PreguntaRespuesta% Correcto
¿Qué país es más grande?Brasil
100%
¿Qué país es más grande?Rusia
100%
¿Qué país es más grande?Túnez
96%
¿Qué país es más grande?Australia
92%
¿Qué país es más grande?Ecuador
92%
¿Qué país es más grande?Jamaica
88%
¿Qué país es más grande?India
80%
¿Qué país es más grande?R. D. Congo
72%
¿Qué país es más grande?Myanmar (Birmania)
68%
¿Qué país es más grande?Egipto
52%
¿Qué país es más grande?Francia
52%
¿Qué país es más grande?Nicaragua
52%
¿Qué país es más grande?Malí
44%
¿Qué país es más grande?Suecia
32%
¿Qué país es más grande?Surinam
24%

Distribución de puntuación

Porcentaje por número respondido

Porcentaje de gente con cada puntuación

Historial de tus puntuaciones

No has intentado esta prueba.